000 00638nam a2200229 a 4500
001 0001-1125
003 ELIB.Books
008 150430 2010 eng
020 _a0847412350
035 _a(ELIB.Books)0001-1280
092 _a242
_bEpp
100 _aEpp, Theodore H.
245 _aStrength For The Journey:
_bA Daily Devotional for Your Spiritual Walk
260 _aLincoln
_bA Back to the Bible Publication
_c1984
300 _a382
_c21.5 Cm
650 _aDivotiuonal Literature
856 _nKBTS: Library
_uKBTS: Elib
942 _2ddc
_cBK
990 _a1
998 _cbat
_e2015-04-30
999 _c11125
_d11125